000 00301nam a22001337a 4500
008 170412b xxu||||| |||| 00| 0 eng d
020 _a9790966490267
041 _aeng
080 _218 ED
_a618
100 _a10
101 _aSHM
245 _aCONTRACTIVE TECHNOLOGY
_cHATCHER.R.A
942 _2udc
_cBK
999 _c10547
_d10547